Artificial intelligence: the heuristic programming approach (Record no. 10826)

MARC details
000 -LEADER
fixed length control field 00497nam a2200169Ia 4500
082 ## - DEWEY DECIMAL CLASSIFICATION NUMBER
Classification number 006.3 SLA-;
100 ## - MAIN ENTRY--AUTHOR NAME
Personal name Slagle, James R
245 #0 - TITLE STATEMENT
Title Artificial intelligence: the heuristic programming approach
260 ## - PUBLICATION, DISTRIBUTION, ETC. (IMPRINT)
Place of publication New York
Name of publisher McGraw-Hill
Year of publication 1971
300 ## - PHYSICAL DESCRIPTION
Number of Pages x, 196p.
440 ## - SERIES STATEMENT/ADDED ENTRY--TITLE
Title McGraw-Hill series in system science
504 ## - BIBLIOGRAPHY, ETC. NOTE
Bibliography, etc Includes index
650 ## - SUBJECT ADDED ENTRY--TOPICAL TERM
Topical Term Artificial intelligence - Computer programs
650 ## - SUBJECT ADDED ENTRY--TOPICAL TERM
Topical Term Machine theory
650 ## - SUBJECT ADDED ENTRY--TOPICAL TERM
Topical Term Heuristic programming
942 ## - ADDED ENTRY ELEMENTS (KOHA)
Koha item type Books
Source of classification or shelving scheme Dewey Decimal Classification
Holdings
Withdrawn status Lost status Damaged status Not for loan Home library Current library Date acquired Full call number Accession Number Price effective from Koha item type
        NASSDOC Library NASSDOC Library 08/06/2004 006.3 SLA-; 2359 18/04/2019 Books